000 00389nmm a2200145Ia 4500
008 251105s9999||||xx |||||||||||||||||und||
041 _aspa
100 _aCueto Muñoz, Raúl
245 0 _aMandylion
264 _a[Madrid, España] :
_bLantia,
_c2016
300 _a0 páginas
650 _aThriller & Suspense
856 _uhttps://public.digitaliapublishing.com/a/87433
942 _cCF
999 _c105987
_d105987